00859nam a2200241Ia 450000100060000000300090000600800410001504000130005604000130006904100130008210000280009510000290012324500550015224500410020725000110024826000110025926000130027026000490028330000590033250001730039165000220056465000310058615505IT-RoPAU130308s9999 xx 000 0 und d aIT-RoPAU cIT-RoPAU aITALIANO aQuine Willard Van Orman gCodice Aut. SPICS: 2258 aSignificato e traduzione (Meaning and Translation) bStruttura Logica del Linguaggio (La) a1a ed. aMILANO bBompiani c1973 [1° Ed.:1973 - Ed.Ling.Originale:1959] a"29 p. (prefazione: no ; testo: 29 [pagine: 135-163])" aSignificato stimolo Imperscrutabilità dei termini Enunciati di Osservazione Sinonimia Intrasoggettiva di Enunciati di Occasione Funzioni di Verità ipotesiAnalitiche aLOGICA FILOSOFICA eCodice materia Spics: 3151